Quick Pick: 'A' Food Quiz Stats

 Plays Quiz Updated Nov 8, 2017

Challenge
Share
Tweet
Embed
Score 0/15 Timer 01:00
6 Plays Today
% Correct
apple
98.2%
almond
98%
apricot
97.1%
artichoke
96.9%
asparagus
96.8%
anchovy
96.5%
avocado
94.3%
allspice
88.6%
% Correct
angel hair
88%
aioli
86.6%
arugula
80.7%
asiago
71.7%
albacore
69.9%
andouille
68.3%
aubergine
67.6%

Today's Daily Dose

Word Ladder
Aquatic Life

On This Day
August 21st II

You're not logged in!

Compare scores with friends on all Sporcle quizzes.
Join for Free
OR
Log In

You Might Also Like...

Show Comments

Extras

Top Quizzes Today


Score Distribution

Your Account Isn't Verified!

In order to create a playlist on Sporcle, you need to verify the email address you used during registration. Go to your Sporcle Settings to finish the process.

Report this User

Report this user for behavior that violates our Community Guidelines.

Details: